[Event "IX EICC w"]
[Site "Plovdiv BUL"]
[Date "2008.04.21"]
[Round "1"]
[White "Stojanovic,An"]
[Black "Minina,V"]
[Result "1-0"]
[WhiteElo "2346"]
[BlackElo "2148"]

1.d4 Nf6 2.Bg5 Ne4 3.Bf4 c5 4.f3 Qa5+ 5.c3 Nf6 6.Nd2 cxd4 7.Nb3 Qb6 8.Qxd4 Qxd4
9.cxd4 d5 10.e3 e6 11.Rc1 Bb4+ 12.Kf2 Nbd7 13.Bd3 Ke7 14.Ne2 Bd6 15.Bxd6+ Kxd6
16.Nc3 a6 17.e4 Ne8 18.e5+ Ke7 19.Na5 f6 20.f4 Kf7 21.exf6 Ndxf6 22.Na4 Bd7
23.Nb6 Rb8 24.a4 Ke7 25.Rhe1 Kd6 26.Nb3 Bc6 27.Nc5 Nc7 28.f5 exf5 29.Bxf5 g6
30.Bh3 Rbe8 31.Rxe8 Rxe8 32.Nc8+ Rxc8 33.Bxc8 Ne4+ 34.Ke3 b6 35.Nb7+ Bxb7
36.Bxb7 b5 37.axb5 axb5 38.Bxd5  1-0

[Event "IX EICC"]
[Site "Plovdiv BUL"]
[Date "2008.04.21"]
[Round "1"]
[White "Perunovic,Mio"]
[Black "Huzman,A"]
[Result "1/2-1/2"]
[WhiteElo "2420"]
[BlackElo "2602"]

1.d4 Nf6 2.Bg5 Ne4 3.Bf4 c5 4.f3 Qa5+ 5.c3 Nf6 6.d5 d6 7.e4 g6 8.Na3 Bg7
9.Nc4 Qd8 10.a4 Nbd7 11.Qd2 Nb6 12.Bd3 O-O 13.Ne2 e6 14.a5 exd5 15.axb6 dxc4
16.Bxc4 Qxb6 17.Qxd6 Bd7 18.Qxb6 axb6 19.Kf2 Bc6 20.Rhd1 Rfe8 21.Bc7 Rxa1
22.Rxa1 b5 23.Bd3 Rc8 24.Bf4 Nd7 25.Ra5 Ne5 26.Bxb5 b6 27.Ba6 Nd3+ 28.Ke3 Ra8
29.Ra2 Nxf4 30.Nxf4 Bb5 31.Bxb5 Rxa2 32.Nd3 Bh6+ 33.f4 g5 34.g3 gxf4+ 35.gxf4 Ra1
36.Kf3 Kg7 37.b4 Rf1+ 38.Kg2 Rd1 39.bxc5 bxc5 40.Kg3 Rg1+ 41.Kf3 Rf1+ 42.Kg3 Kf8
43.Kg2 Ra1 44.Kf3 Ra5 45.c4 Ra3 46.Ke2 Ra2+ 47.Kf3 Rxh2 48.Nxc5 Rh3+ 49.Kg4 Re3
50.Bc6 Ke7 51.e5 Re1 52.Ne4 Rc1 53.Bd5 Rf1 54.f5 Rg1+ 55.Kf3 Rf1+ 56.Kg4 Rg1+
57.Kf3 Rf1+  1/2-1/2

[Event "IX EICC"]
[Site "Plovdiv BUL"]
[Date "2008.04.21"]
[Round "1"]
[White "Cao Sang"]
[Black "Kourousis,E"]
[Result "0-1"]
[WhiteElo "2535"]
[BlackElo "2191"]

1.d4 Nf6 2.Bg5 Ne4 3.Bf4 c5 4.f3 Qa5+ 5.c3 Nf6 6.Nd2 cxd4 7.Nb3 Qb6 8.Qxd4 Nc6
9.Qxb6 axb6 10.e4 d5 11.Be3 dxe4 12.Bxb6 e5 13.Bb5 Nd5 14.Bc5 exf3 15.Nxf3 f6
16.O-O Nc7 17.a4 Bxc5+ 18.Nxc5 Ne6 19.Nxe6 Bxe6 20.Nd2 Ke7 21.Bxc6 bxc6 22.Ne4 Rhd8
23.b4 Bc4 24.Rf2 Rxa4 25.Rc1 Rda8 26.h4 Ra1 27.Rxa1 Rxa1+ 28.Kh2 Rc1 29.Rb2 f5
30.Ng3 Ke6 31.Rd2 Rxc3 32.Rd8 g6 33.Re8+ Kf6 34.Rf8+ Ke7 35.Rc8 Bd5 36.Rc7+ Kd6
37.Rxh7 f4 38.Nf1 Rc2 39.Rg7 Rxg2+ 40.Kh3 Rf2 41.Nh2 Be6+ 42.Ng4 Rf3+ 43.Kh2 Bxg4  0-1

[Event "IX EICC"]
[Site "Plovdiv BUL"]
[Date "2008.04.23"]
[Round "3"]
[White "Milovic,J"]
[Black "Aristotelous,V"]
[Result "1-0"]
[WhiteElo "2280"]
[BlackElo "1954"]

1.d4 Nf6 2.Bg5 Ne4 3.h4 c5 4.dxc5 Qa5+ 5.Nd2 Nxg5 6.hxg5 g6 7.Rh4 Nc6 8.Rc4 Bg7
9.c3 b5 10.cxb6 axb6 11.Ngf3 b5 12.Rf4 d6 13.e3 h5 14.Qb3 O-O 15.Qxb5 Qc7
16.Rc4 Bd7 17.Nd4 Bxd4 18.cxd4 Rfb8 19.Qd5 Ra5 20.Qf3 Rf5 21.Qd1 d5 22.Rc2 e5
23.dxe5 Qxe5 24.Nf3 Qd6 25.Bd3 Nb4 26.Bxf5 Bxf5 27.Rd2 Be4 28.a3 Nc6 29.b4 Ne5
30.Nxe5 Qxe5 31.f3 Qg3+ 32.Kf1 Bf5 33.Rxd5 h4 34.Qe1 Qh2 35.Rad1 h3 36.Rd8+  1-0

[Event "IX EICC w"]
[Site "Plovdiv BUL"]
[Date "2008.04.23"]
[Round "3"]
[White "Juergens,V"]
[Black "Grapsa,G"]
[Result "1-0"]
[WhiteElo "2302"]
[BlackElo "2098"]

1.d4 Nf6 2.Bg5 Ne4 3.Bf4 c5 4.f3 Qa5+ 5.c3 Nf6 6.Nd2 cxd4 7.Nb3 Qb6 8.Qxd4 Nc6
9.Qxb6 axb6 10.Nd4 Nd5 11.Bd2 Ra4 12.Nb5 Na5 13.e4 Nb3 14.Rd1 Nxd2 15.Kxd2 Nf4
16.Kc2 Ne6 17.Ne2 g6 18.Nc1 Bh6 19.Nd3 Nc5 20.Nb4 O-O 21.Nd5 d6 22.Nxe7+ Kh8
23.Nxc8 Rxc8 24.Nxd6 Rf8 25.Bc4 Kg7 26.b4 Ne6 27.Nxb7 Nf4 28.Rhg1 b5 29.Bb3 Ra6
30.Nc5 Ra7 31.g3 Nh3 32.Rge1 Re8 33.e5 Ng5 34.f4 Nf3 35.Re2 g5 36.Rf1 g4  1-0

[Event "IX EICC"]
[Site "Plovdiv BUL"]
[Date "2008.04.24"]
[Round "4"]
[White "Damaso,R"]
[Black "Vajda,L"]
[Result "0-1"]
[WhiteElo "2449"]
[BlackElo "2582"]

1.d4 Nf6 2.Bg5 Ne4 3.Bf4 d5 4.f3 Nf6 5.e4 dxe4 6.Nc3 exf3 7.Nxf3 c6 8.Ne5 e6
9.Qf3 Qxd4 10.Rd1 Qc5 11.Be2 Be7 12.Qg3 Nbd7 13.Qxg7 Rf8 14.Nc4 Rg8 15.Qh6 Rxg2
16.Nd6+ Bxd6 17.Bxd6 Qf2+ 18.Kd2 Ne4+ 19.Kc1 Nxc3 20.Qxh7 Qe3+ 21.Rd2 Nf6
22.Qh8+ Rg8 23.Qh4 Nxe2+ 24.Kd1 Nc3+ 25.bxc3 Rg1+ 26.Rxg1 Qxg1+ 27.Ke2 Qg4+
28.Qxg4 Nxg4 29.Kf3 e5  0-1

[Event "IX EICC w"]
[Site "Plovdiv BUL"]
[Date "2008.04.25"]
[Round "5"]
[White "Juergens,V"]
[Black "Ciuksyte,D"]
[Result "1/2-1/2"]
[WhiteElo "2302"]
[BlackElo "2380"]

1.d4 Nf6 2.Bg5 Ne4 3.Bf4 d5 4.e3 c5 5.Bd3 e6 6.Bxe4 dxe4 7.Nc3 cxd4 8.exd4 Bb4
9.Ne2 O-O 10.O-O f5 11.Nb5 Na6 12.c3 Be7 13.Ng3 Qb6 14.Qb3 Bd7 15.Nd6 Qxb3
16.axb3 Bc6 17.Rfe1 Rfd8 18.Nc4 Bd5 19.Be5 Bf6 20.Bxf6 gxf6 21.Nh5 Kf7 22.Nf4 Nc7
23.Re3 b5 24.Rh3 Kg8 25.Ne3 Bxb3 26.Ra3 Bd5 27.Nexd5 Nxd5 28.Nxe6 Rd6 29.Nc5 b4
30.Ra1 a5 31.Kf1 bxc3 32.bxc3 a4 33.c4 Nb6 34.Nxe4 fxe4 35.c5 Rxd4 36.cxb6 Rb4
37.Rha3  1/2-1/2

[Event "XIV Leonardo di Bona Magistrale"]
[Site "Cutro ITA"]
[Date "2008.04.26"]
[Round "4"]
[White "Meijers,V"]
[Black "Mrdja,M"]
[Result "1/2-1/2"]
[WhiteElo "2510"]
[BlackElo "2360"]

1.d4 Nf6 2.Bg5 Ne4 3.Bf4 e6 4.Nd2 Nxd2 5.Qxd2 d5 6.e3 Bd6 7.Bd3 Qe7 8.Nf3 Nd7
9.c3 c6 10.O-O-O b5 11.e4 Bxf4 12.Qxf4 b4 13.c4 dxc4 14.Bxc4 Nb6 15.Bd3 O-O
16.Kb1 Bb7 17.Rc1 Rac8 18.Rc5 Nd7 19.Rh5 f6 20.Qh4 g6 21.Rh6 Rf7 22.e5 fxe5
23.Ng5 Rg7 24.Bc4 Nf8 25.Qg4 Rb8 26.dxe5 c5 27.Rd1 Rd8 28.Rxd8 Qxd8 29.Rh3 Rd7
30.Qf4 Qe7 31.Rd3 Rxd3 32.Bxd3 Kg7 33.Be4 h6 34.Bxb7 hxg5 35.Qe4 Qf7 36.f3 Qf4
37.Qxf4 gxf4 38.Bc8 g5 39.Kc2 Ng6 40.Bxe6 Nxe5 41.Kb3 Kf6 42.Bd5 Ke7 43.Be4 Kd6
44.Ba8 a5 45.g3 fxg3 46.hxg3 Nd7 47.Be4 Nb6 48.Kc2 a4 49.a3 b3+ 50.Kc1 Ke5
51.Bc6 Kd4 52.Kd2 Nc8 53.f4 gxf4 54.gxf4 Ne7 55.Bd7 Nd5 56.f5 Nf6 57.Bc6 Ng4
58.Bb7 Nf6 59.Bc6 Ng4 60.Bb7  1/2-1/2

[Event "IX EICC"]
[Site "Plovdiv BUL"]
[Date "2008.04.26"]
[Round "6"]
[White "Miladinovic,I"]
[Black "Vachier Lagrave,M"]
[Result "0-1"]
[WhiteElo "2579"]
[BlackElo "2632"]

1.d4 Nf6 2.Bg5 Ne4 3.Bf4 c5 4.f3 Qa5+ 5.c3 Nf6 6.d5 Qb6 7.e4 Qxb2 8.Nd2 Qxc3
9.Bc7 d6 10.Rb1 Nfd7 11.Qa4 g6 12.Ne2 Qd3 13.Ba5 Bh6 14.f4 O-O 15.Rb3 b5
16.Qa3 b4 17.Rxd3 bxa3 18.Rh3 Bg7 19.Rxa3 Na6 20.Bc3 Nb4 21.Kd1 f5 22.Bxg7 Kxg7
23.Nc3 fxe4 24.Ndxe4 Nb6 25.g3 Bb7 26.Rg1 N6xd5 27.Nxd5 Bxd5 28.Nc3 Bc6 29.Kd2 Rfb8
30.Ra5 Rb7 31.Be2 Rab8 32.Re1 Nd5 33.Nd1 Rc7 34.a3 Rb1 35.Bd3 Ra1 36.Bc4 Rb7
37.Ra6 Nb6 38.Bb3 Bb5 39.Ra5 Bc4 40.Bxc4  0-1

[Event "IX EICC"]
[Site "Plovdiv BUL"]
[Date "2008.04.29"]
[Round "8"]
[White "Miroshnichenko,E"]
[Black "Zherebukh,Y"]
[Result "1-0"]
[WhiteElo "2642"]
[BlackElo "2446"]

1.d4 Nf6 2.Bg5 Ne4 3.Bf4 c5 4.f3 Nf6 5.dxc5 Qa5+ 6.Nc3 Qxc5 7.Qd2 g6 8.e4 a6
9.Be3 Qa5 10.g4 h6 11.f4 Nc6 12.Nd5 Qxd2+ 13.Kxd2 Nxd5 14.exd5 Nd8 15.Bd4 Rg8
16.Bd3 d6 17.f5 gxf5 18.gxf5 e5 19.Be3 b5 20.Ne2 Bb7 21.Rhg1 Rxg1 22.Rxg1 f6
23.Nc3 Nf7 24.h4 Be7 25.Rg8+ Kd7 26.Rg7 Rf8 27.a3 e4 28.Bxe4 Ne5 29.b3 Ke8
30.Ne2 Rh8 31.Nf4 Bc8 32.Bd4 Kf8 33.Rxe7 Kxe7 34.Bxe5 Rg8 35.Ng6+ Rxg6 36.Bxd6+ Kxd6
37.fxg6 Ke7  1-0

[Event "IX EICC"]
[Site "Plovdiv BUL"]
[Date "2008.04.29"]
[Round "8"]
[White "Sebenik,M"]
[Black "Lenic,L"]
[Result "1/2-1/2"]
[WhiteElo "2502"]
[BlackElo "2584"]

1.d4 Nf6 2.Bg5 Ne4 3.Bf4 c5 4.f3 Qa5+ 5.c3 Nf6 6.Nd2 cxd4 7.Nb3 Qb6 8.Qxd4 Qxd4
9.cxd4 Nc6 10.a3 d6 11.e4 e6 12.Bd3 Be7 13.Kf2 e5 14.Bd2 d5  1/2-1/2

[Event "IX EICC"]
[Site "Plovdiv BUL"]
[Date "2008.04.29"]
[Round "8"]
[White "Smirnov,Arte"]
[Black "Dinev,De"]
[Result "1-0"]
[WhiteElo "2438"]
[BlackElo "2298"]

1.d4 Nf6 2.Bg5 Ne4 3.Bf4 c5 4.f3 Qa5+ 5.c3 Nf6 6.d5 Qb6 7.Bc1 e6 8.e4 exd5
9.exd5 Bd6 10.Na3 O-O 11.Bd3 h6 12.Ne2 a6 13.Nc4 Qc7 14.a4 b6 15.Nxd6 Qxd6
16.c4 Qc7 17.g4 d6 18.h4 Nfd7 19.g5 h5 20.Ng3 g6 21.f4 Re8+ 22.Kf2 Bb7 23.b3 b5
24.Bb2 Ra7 25.Qc2 Kh7 26.Rhe1 Ne5 27.fxe5 dxe5 28.Ne4 Nd7 29.axb5 Rf8 30.Kg2 Bc8
31.bxa6 f5 32.gxf6 Nxf6 33.Ng5+ Kh6 34.Bxg6  1-0

[Event "IX EICC w"]
[Site "Plovdiv BUL"]
[Date "2008.04.30"]
[Round "9"]
[White "Ovod,E"]
[Black "Minina,V"]
[Result "1-0"]
[WhiteElo "2437"]
[BlackElo "2148"]

1.d4 Nf6 2.Bg5 Ne4 3.Bf4 c5 4.f3 Qa5+ 5.c3 Nf6 6.d5 d6 7.e4 b5 8.Nd2 Ba6
9.Bd3 Nbd7 10.Ne2 g6 11.a4 b4 12.Nb3 Qb6 13.a5 Qb7 14.Bxa6 Qxa6 15.cxb4 cxb4
16.Rc1 Nh5 17.Rc6 Qb7 18.a6 Qb8 19.Be3 Bg7 20.f4 Bxb2 21.Qc2 Bg7 22.Bxa7 Qd8
23.Be3 O-O 24.a7 g5 25.fxg5 Ne5 26.Rc7 Bh8 27.O-O Ng7 28.h3 Ne8 29.Rb7 Rc8
30.Bb6 Rxc2 31.Bxd8 Ra2 32.Na5 Nc7 33.Bxc7 Nd7 34.Bb8 Rxa5 35.Rxd7 b3 36.Rb7 b2
37.Rb1 Ra2 38.Kf2 Be5 39.Ke3 Kg7 40.Kd2 Rc8 41.Bc7 Ra1 42.Kc2 Ra4 43.R1xb2 Rxe4
44.Kd3 Ra4 45.Rc2 Ra3+ 46.Kd2 Rf8 47.Bb6  1-0

[Event "IX EICC"]
[Site "Plovdiv BUL"]
[Date "2008.04.30"]
[Round "9"]
[White "Smirnov,Arte"]
[Black "Gajewski,G"]
[Result "1-0"]
[WhiteElo "2438"]
[BlackElo "2601"]

1.d4 Nf6 2.Bg5 Ne4 3.Bf4 c5 4.f3 Qa5+ 5.c3 Nf6 6.d5 Qb6 7.Bc1 e6 8.e4 exd5
9.exd5 Bd6 10.Na3 O-O 11.Bd3 Re8+ 12.Ne2 Bf8 13.Nc4 Qd8 14.Ne3 d6 15.O-O g6
16.Ng3 h5 17.a4 h4 18.Ne4 Nh7 19.f4 f5 20.Ng5 Nxg5 21.fxg5 Qc7 22.a5 Nd7
23.Ra4 Ne5 24.Rxh4 Nxd3 25.Qxd3 Bg7 26.Ng4 Qe7 27.Nf6+ Bxf6 28.gxf6 Qxf6
29.Qg3 Bd7 30.Bg5 Qe5 31.Bf4 Qg7 32.Bxd6 b6 33.Qg5 Re2 34.Rh6 Be8 35.Bf4 Kf7
36.h4 Kg8 37.Rf2 Rxf2 38.Kxf2 bxa5 39.h5 gxh5 40.Qxf5 Bd7 41.Qxh5 Bg4 42.Qg6 Kf8
43.Kg3 Bf5 44.Qxg7+ Kxg7 45.Rc6 Re8 46.Rxc5 Re2 47.d6  1-0

[Event "Open"]
[Site "Halkidiki GRE"]
[Date "2008.05.01"]
[Round "4"]
[White "Karountzos,N"]
[Black "Bayram,Y"]
[Result "0-1"]
[WhiteElo "2019"]
[BlackElo "2337"]

1.d4 Nf6 2.Bg5 Ne4 3.Bf4 d5 4.e3 c5 5.Bd3 cxd4 6.exd4 Qb6 7.Bxe4 dxe4 8.Nc3 g5
9.Be5 f6 10.Qh5+ Kd8 11.Bg3 Qxb2 12.Kd2 Qxa1 13.h4 Bf5 14.hxg5 Qb2 15.Nge2 e3+
16.Kxe3 Qxc2 17.gxf6 Qd3+ 18.Kf4 exf6  0-1

[Event "IX EICC"]
[Site "Plovdiv BUL"]
[Date "2008.05.01"]
[Round "10"]
[White "Medancic,R"]
[Black "Grecescu,G"]
[Result "1/2-1/2"]
[WhiteElo "2247"]
[BlackElo "2423"]

1.d4 Nf6 2.Bg5 Ne4 3.Bf4 e6 4.Nd2 d5 5.e3 Be7 6.Bd3 f5 7.Ngf3 O-O 8.h3 c5
9.c3 Nc6 10.O-O Bf6 11.Ne5 Bxe5 12.Bxe5 Nxe5 13.dxe5 Bd7 14.a4 a6 15.f4 Nxd2
16.Qxd2 Bc6 17.b4 Qb6 18.Be2 Rac8 19.a5 Qa7 20.Rfb1 Rfd8 21.b5 axb5 22.Bxb5 d4
23.Bxc6 dxc3 24.Qxc3 Rxc6 25.Qc4 Qa6 26.Ra4 Qxc4 27.Rxc4 Rd7 28.Rb5 Rdc7
29.Kf2 Kf7 30.Ke2 Ke7 31.Kd3 Kd7 32.Kc3 Kc8 33.e4 g6 34.exf5 exf5 35.Ra4 Rd7
36.Rb6 Kc7 37.Rb1 Ra6 38.Ra2 Rd4 39.g3 Kc6 40.Rab2 Rxa5 41.Rb6+ Kd5 42.Rxb7 Ra3+
43.R1b3 Rxb3+ 44.Rxb3 g5 45.fxg5 f4 46.gxf4 Rxf4 47.Kd2 Kxe5 48.Rg3 Rh4 49.Kc3 Kf5
50.Rd3 Kxg5 51.Rd5+ Kf4 52.Rxc5 Ke3 53.Re5+ Kf2 54.Kd2 Rd4+ 55.Kc3 Rd6 56.Rh5 h6
57.Kc4 Kg3 58.Kc5 Ra6 59.Kd4 Kg2 60.Ke4 Ra4+ 61.Kf5 Ra5+ 62.Kg6 Rxh5 63.Kxh5 Kxh3  1/2-1/2

[Event "IX EICC"]
[Site "Plovdiv BUL"]
[Date "2008.05.02"]
[Round "11"]
[White "Kukov,V"]
[Black "Jakovljevic,Vlado"]
[Result "0-1"]
[WhiteElo "2365"]
[BlackElo "2463"]

1.d4 Nf6 2.Bg5 Ne4 3.Bf4 c5 4.d5 Qb6 5.Bc1 e6 6.f3 Nf6 7.c4 exd5 8.cxd5 Bd6
9.Nc3 O-O 10.e4 Be5 11.Nge2 Qd8 12.g3 Bxc3+ 13.Nxc3 d6 14.Bg2 b6 15.O-O Ba6
16.Re1 Nbd7 17.Qa4 Bb7 18.Qc2 Re8 19.Bf4 Ne5 20.Rad1 a6 21.Bxe5 dxe5 22.f4 Qd6
23.Ne2 Re7 24.fxe5 Rxe5 25.Nf4 Nd7 26.Bh3 Nf6 27.Bg2 Re7 28.Nd3 Ng4 29.Bf3 Ne5
30.Nxe5 Rxe5 31.Bg2 Rae8 32.Rf1 Bc8 33.Rd2 Bg4 34.Rdf2 Bh5 35.Rf5 Rxf5 36.exf5 f6
37.Qc3 Kf8 38.Re1 Rxe1+ 39.Qxe1 Bf7 40.Kf2 Qe7 41.Qd2 Qe5 42.d6 Ke8 43.Bc6+ Kd8
44.a4 Qxf5+ 45.Kg2 Be8 46.Bxe8 Kxe8 47.Qe2+ Qe5 48.Qxa6 Qxd6 49.a5 Qd5+ 50.Kh3 bxa5
51.Qxa5 Ke7 52.Qa3 h5 53.g4 hxg4+ 54.Kxg4 Qg2+ 55.Qg3 Qxg3+ 56.hxg3 g6 57.Kf4 Ke6
58.Ke4 f5+ 59.Kf4 Kf6 60.Ke3 Ke5  0-1

[Event "Father Ivan Cvitanovic Mem"]
[Site "Split CRO"]
[Date "2008.05.03"]
[Round "6"]
[White "Doric,D"]
[Black "Sax,G"]
[Result "1/2-1/2"]
[WhiteElo "2448"]
[BlackElo "2502"]

1.d4 Nf6 2.Bg5 Ne4 3.Bf4 d5 4.e3 e6 5.Bd3 Bd6 6.Bxe4 Bxf4 7.Bd3 Bd6 8.f4 c5
9.c3 Qb6 10.Qc1 Bd7 11.Nf3 Bb5  1/2-1/2

[Event "II Magistral de Colonia"]
[Site "Colonia del Sacramento URU"]
[Date "2008.05.06"]
[Round "4"]
[White "Oddone,C"]
[Black "Larrea,M"]
[Result "1/2-1/2"]
[WhiteElo "2235"]
[BlackElo "2342"]

1.d4 Nf6 2.Bg5 Ne4 3.Bf4 c5 4.f3 Qa5+ 5.c3 Nf6 6.d5 d6 7.e4 g6 8.Na3 Bg7
9.Nc4 Qd8 10.a4 O-O 11.Qd2 Na6 12.Ne2 Nc7 13.g4 b6 14.Ng3 Rb8 15.h4 a6 16.Bh6 b5
17.axb5 axb5 18.Na5 Ra8 19.h5 Nce8 20.Bxg7 Nxg7 21.b4 e6 22.dxe6 Bxe6 23.Rd1 cxb4
24.cxb4 Qb6 25.Qc3 Nd7 26.h6 Ne8 27.Nc6 f6 28.Ne7+ Kf7 29.Nd5 Bxd5 30.Rxd5 Nc7
31.Rd1 Ne6 32.Rh2 Rfc8 33.Qb3 Ke7 34.Rhd2 Rc6 35.Rd5 Nf4 36.Bxb5 Qg1+ 37.Nf1 Ng2+
38.Ke2 Nf4+ 39.Ke1 Ng2+ 40.Ke2  1/2-1/2

[Event "II Magistral de Colonia"]
[Site "Colonia del Sacramento URU"]
[Date "2008.05.07"]
[Round "6"]
[White "Ippoliti,H"]
[Black "Larrea,M"]
[Result "0-1"]
[WhiteElo "2270"]
[BlackElo "2342"]

1.d4 Nf6 2.Bg5 Ne4 3.Bf4 c5 4.f3 Qa5+ 5.c3 Nf6 6.Nd2 cxd4 7.Nb3 Qb6 8.Qxd4 Nc6
9.Qxb6 axb6 10.Be3 b5 11.Nd4 Nxd4 12.cxd4 d6 13.Bd2 Be6 14.e4 Bc4 15.Ne2 d5
16.e5 Nd7 17.Nc3 b4 18.Nb5 Ra5 19.Na3 Bxf1 20.Rxf1 e6 21.Nc2 Rb5 22.Ke2 Be7
23.a3 b3 24.Nb4 Nb8 25.Rac1 Kd7 26.f4 Nc6 27.Nxc6 bxc6 28.f5 exf5 29.g4 f4
30.Rxf4 f6 31.Kd3 fxe5 32.dxe5 c5 33.Rf7 c4+ 34.Ke2 Ke6 35.Rxg7 Rf8 36.Rxh7 Bc5
37.Be1 Rf4 38.Rh6+ Kf7 39.Rf6+ Rxf6 40.exf6 Kxf6 41.Bf2 Bxf2 42.Kxf2 Ra5
43.Ke3 Ke5 44.Kd2 Kd4 45.g5 Ra8 46.Rg1 Rf8 47.Rg2 Rf1 48.g6 c3+ 49.bxc3+ Kc4
50.Rg4+ Kc5 51.g7 b2 52.g8=Q b1=Q 53.Qc8+ Kd6 54.Qd8+ Ke6 55.Rg6+ Qxg6 56.Qc8+ Ke5
57.Qb8+ Qd6 58.Qe8+ Kf6 59.Qh8+ Ke7  0-1

[Event "Kaupthing Open"]
[Site "Differdange LUX"]
[Date "2008.05.11"]
[Round "2"]
[White "Wirig,A"]
[Black "Thalwitzer,D"]
[Result "1/2-1/2"]
[WhiteElo "2477"]
[BlackElo "2193"]

1.d4 Nf6 2.Bg5 Ne4 3.Bf4 c5 4.f3 Qa5+ 5.c3 Nf6 6.d5 d6 7.e4 g6 8.Nd2 Bg7
9.Nc4 Qd8 10.a4 O-O 11.Qd2 Re8 12.Ne2 Nbd7 13.g4 Nb6 14.Ng3 Nfd7 15.h4 Nf8
16.h5 Bd7 17.hxg6 fxg6 18.Bh6 Nxc4 19.Bxc4 Bxh6 20.Qxh6 e6 21.Kf2 Qe7 22.dxe6 Bxe6
23.Nf5 Qf6 24.g5 Qh8 25.Nxd6 Re7 26.Qh2 Bxc4 27.Nxc4 Ne6 28.Qd6 Qg7 29.Rad1 Rf8
30.Qd5 Qf7 31.Rd3 Rd8 32.Qxd8+ Nxd8 33.Rxd8+ Kg7 34.Nd6 Qf4 35.Ne8+ Rxe8
36.Rxe8 Qd2+ 37.Kg3 Qxg5+ 38.Kf2 Qd2+ 39.Kg3 Qg5+ 40.Kf2 Qd2+ 41.Kg3  1/2-1/2

[Event "ENCI Limburg Open"]
[Site "Maastricht NED"]
[Date "2008.05.11"]
[Round "4"]
[White "Broekmeulen,Ja"]
[Black "Ouwersloot,H"]
[Result "1-0"]
[WhiteElo "2322"]
[BlackElo "2038"]

1.d4 Nf6 2.Bg5 Ne4 3.h4 c5 4.dxc5 Qa5+ 5.Nd2 Nxg5 6.hxg5 g6 7.Rh4 Nc6 8.Rc4 Bg7
9.c3 b5 10.Rh4 Rb8 11.a3 Qc7 12.Ngf3 a5 13.e3 b4 14.axb4 axb4 15.cxb4 Nxb4
16.Ra4 Nd5 17.Bc4 Bb7 18.Ne4 e6 19.Nd6+ Ke7 20.Nxb7 Qxb7 21.Bxd5 Qxd5 22.Qxd5 exd5
23.b4 Rhc8 24.Nd4 Rb7 25.Kd2 Bxd4 26.Rxd4 Ke6 27.Ra6+ Rc6 28.Ra8 d6 29.Rf4 dxc5
30.Rf6+ Kd7 31.Rxf7+  1-0

[Event "ENCI Limburg Open"]
[Site "Maastricht NED"]
[Date "2008.05.12"]
[Round "6"]
[White "Clijsen,M"]
[Black "Kodentsov,G"]
[Result "1/2-1/2"]
[WhiteElo "2122"]
[BlackElo "2275"]

1.d4 Nf6 2.Bg5 Ne4 3.Bf4 c5 4.f3 Qa5+ 5.c3 Nf6 6.d5 Qb6 7.b3 e6 8.e4 exd5
9.exd5 Bd6 10.Bg5 Be7 11.Na3 d6 12.Bb5+ Bd7 13.Bxd7+ Nbxd7 14.Ne2 Qd8 15.O-O O-O
16.Nc4 b5 17.Bxf6 Nxf6 18.Ne3 Qd7 19.Qd3 Rfe8 20.Rae1 Bf8 21.c4 b4 22.g4 g6
23.Ng3 Bh6 24.Ng2 Rxe1 25.Rxe1 Re8 26.Ne4 Nxe4  1/2-1/2

[Event "Mayors Cup Open"]
[Site "Mumbai IND"]
[Date "2008.05.12"]
[Round "3"]
[White "Abdulla,AlR"]
[Black "Mishra,S"]
[Result "1-0"]
[WhiteElo "2514"]
[BlackElo "2278"]

1.d4 Nf6 2.Bg5 Ne4 3.h4 d5 4.Nd2 Nxd2 5.Qxd2 Bf5 6.e3 Nd7 7.Bd3 Bxd3 8.Qxd3 c6
9.Nf3 Qb6 10.O-O-O O-O-O 11.Bf4 e6 12.Ng5 e5 13.Nxf7 exf4 14.Nxh8 c5 15.dxc5 Bxc5
16.Qxd5 fxe3 17.fxe3 Bxe3+ 18.Kb1 Bc5 19.Nf7 Ba3 20.Qc4+ Kb8 21.Qb3  1-0

[Event "FSGM May"]
[Site "Budapest HUN"]
[Date "2008.05.13"]
[Round "11"]
[White "Duong The Anh"]
[Black "Taylor,T"]
[Result "0-1"]
[WhiteElo "2403"]
[BlackElo "2326"]

1.d4 Nf6 2.Bg5 Ne4 3.Bf4 c5 4.f3 Qa5+ 5.c3 Nf6 6.Nd2 cxd4 7.Nb3 Qb6 8.Qxd4 Nc6
9.Qxb6 axb6 10.Nd4 Nxd4 11.cxd4 d6 12.e4 g6 13.Bd3 Bg7 14.Ne2 O-O 15.Be3 Bd7
16.Kd2 Ra5 17.a3 Rfa8 18.Rac1 Ne8 19.Rc3 e6 20.Rb3 b5 21.Rc1 Bc6 22.Ke1 d5
23.e5 Nc7 24.Nc3 Bf8 25.Bd2 f6 26.f4 fxe5 27.fxe5 Kf7 28.Na2 Ra4 29.Nb4 Bxb4
30.Bxb4 Na6 31.Bd6 Rxd4 32.Bxb5 Re4+ 33.Kd2 Rd4+ 34.Ke3 Re4+ 35.Kf3 Rc4 36.Rf1 Kg8
37.Kg3 Nc5 38.Bxc4 dxc4 39.Rb6 Ne4+ 40.Kh3 Rd8 41.Bb4 Rd3+ 42.Kh4 Rd4 43.Rxc6 bxc6
44.g4 g5+ 45.Kh3 Rd3+ 46.Kg2 Rb3 47.Rc1 Rxb2+ 48.Kf3 c5 49.Kxe4 cxb4 50.axb4 Rxb4
51.Rc3 Rb2 52.h3 Rf2 53.Rf3 Rxf3 54.Kxf3 Kf7 55.Ke4 Ke7 56.Kd4 Kd7 57.Kxc4 Kc7
58.Kb4 Kb6 59.Kc4 Kc6 60.Kd4 Kb5 61.h4 h6 62.Kd3 Kc5 63.Ke4 Kc4  0-1

[Event "43rd Capablanca Memorial Open"]
[Site "Havana CUB"]
[Date "2008.05.13"]
[Round "6"]
[White "Comez Ledo,R"]
[Black "Gallego,A"]
[Result "1/2-1/2"]
[WhiteElo "2404"]
[BlackElo "2269"]

1.d4 Nf6 2.Bg5 Ne4 3.Bf4 c5 4.f3 Qa5+ 5.c3 Nf6 6.d5 Qb6 7.Bc1 e6 8.e4 exd5
9.exd5 Be7 10.c4 O-O 11.Bd3 d6 12.Ne2 Nbd7 13.f4 Re8 14.Nbc3 Bf8 15.O-O Qc7
16.Ng3 b6 17.Bd2 a6 18.a4 Bb7 19.Kh1 g6 20.h3 Bg7 21.Qc2 Re7 22.f5 Rf8 23.Bg5 Ree8
24.Qd2 Ne5 25.Be2 Bc8 26.Rf2 Bxf5 27.Nxf5 gxf5 28.Rxf5 Nfd7 29.Raf1 Ng6 30.Bh6 Re5
31.Rxe5 Ndxe5 32.Bxg7 Kxg7 33.Ne4 f6 34.Ng3 Kh8 35.Qh6 Rf7 36.b3 Qd8 37.Nf5 Ne7
38.Ng3 N7g6 39.Bh5 Kg8 40.Nf5 Rd7 41.Qd2 a5 42.Qf2 Qf8 43.Ne3 Kg7 44.Bg4 Nxg4
45.Nxg4 Rf7 46.Ne3 Kh8 47.Nf5 Ne5 48.Qh4 Qd8 49.Qh6 Qd7 50.Qh5 Rf8 51.Ng3 Qe7
52.Qf5 Ng6 53.Ne4 Re8 54.Qxf6+ Qxf6 55.Nxf6 Re3 56.Rf3 Re7 57.Nh5 Re5 58.g4 Kg8
59.Kg1 Nh4 60.Rc3 Re2 61.Nf4 Rb2 62.Re3 Kf7 63.Ne6 Kf6 64.Kf1 h6 65.Nc7 Kg5
66.Ne6+ Kf6 67.Nd8 Kg5 68.Nf7+ Kf4 69.Rc3 Nf3 70.Nxd6 Rd2  1/2-1/2

[Event "Mayors Cup Open"]
[Site "Mumbai IND"]
[Date "2008.05.15"]
[Round "7"]
[White "Sahu,Se"]
[Black "Sanjay,T"]
[Result "1-0"]
[WhiteElo "2256"]
[BlackElo "2085"]

1.d4 Nf6 2.Bg5 Ne4 3.Bf4 d5 4.f3 Nf6 5.e4 dxe4 6.Nc3 exf3 7.Nxf3 e6 8.Bc4 c6
9.O-O Be7 10.Qe2 O-O 11.Rae1 Re8 12.Kh1 b5 13.Bd3 b4 14.Ne4 Nd5 15.Bxb8 Rxb8
16.Ne5 Qc7 17.Rxf7 Rf8 18.Qh5 Bb7 19.Ng5 h6 20.Bh7+  1-0

[Event "11th IHEM"]
[Site "Hamburg GER"]
[Date "2008.05.17"]
[Round "9"]
[White "Reddmann,H"]
[Black "Pajeken,W"]
[Result "1/2-1/2"]
[WhiteElo "2351"]
[BlackElo "2345"]

1.d4 Nf6 2.Bg5 Ne4 3.Bf4 c5 4.f3 Qa5+ 5.c3 Nf6 6.d5 Qb6 7.b3 e6 8.e4 exd5
9.exd5 Bd6 10.Bg5 O-O 11.Ne2 Be7 12.c4 Re8 13.Nbc3 d6 14.Qd2 a6 15.Kf2 Qd8
16.Be3 Nbd7 17.Ng3 Ne5 18.Be2 Bd7 19.a4 h5 20.a5 h4 21.Nge4 Bf5 22.Ng5 Nh7
23.Nxh7 Bxh7 24.f4 Nd7 25.Bd3 Bxd3 26.Qxd3 Bf6  1/2-1/2

[Event "LXXII ch-CRC Fase 1"]
[Site "Moravia CRC"]
[Date "2008.05.21"]
[Round "5"]
[White "Needham,B"]
[Black "Jimenez,Alo"]
[Result "1/2-1/2"]
[WhiteElo "2047"]
[BlackElo "2110"]

1.d4 Nf6 2.Bg5 Ne4 3.Bf4 c5 4.f3 Qa5+ 5.c3 Nf6 6.d5 Qb6 7.Bc1 e6 8.e4 exd5
9.exd5 d6 10.c4 Qc7 11.Nc3 a6 12.a4 Be7 13.Bd3 O-O 14.Nge2 Nbd7 15.O-O Ne5
16.Ng3 Nxd3 17.Qxd3 Rb8 18.Re1 Re8 19.Bg5 Qd8 20.Qd2 h6 21.Bf4 Bf8 22.Rxe8 Nxe8
23.Nge4 Bd7 24.g4 b5 25.axb5 axb5 26.cxb5 Bxb5 27.Nxb5 Rxb5 28.Nc3 Rb4 29.Bg3 Qb8
30.Ra2 Nf6 31.Bf2 Nd7 32.Qe2 Ne5 33.Nd1 c4 34.Bd4 Nd3 35.Ra3 Qb7 36.Qe4 Rb5
37.Ne3 Nxb2 38.Qe8 Qb8 39.Qc6 Rb7 40.Bxb2 Rxb2 41.Ra8 Rb1+ 42.Kg2 Qb2+ 43.Kh3 Qf2
44.Rxf8+ Kxf8 45.Qc8+ Ke7 46.Qc7+ Ke8 47.Qc6+ Kf8  1/2-1/2

[Event "Guillermo Garcia Mem"]
[Site "Santa Clara CUB"]
[Date "2008.05.21"]
[Round "3"]
[White "Stamenkovic,Dr"]
[Black "Cordova,Em"]
[Result "0-1"]
[WhiteElo "2440"]
[BlackElo "2518"]

1.d4 Nf6 2.Bg5 Ne4 3.Bf4 c5 4.f3 Nf6 5.dxc5 b6 6.e4 Nc6 7.Nc3 bxc5 8.Bc4 g6
9.g4 Bb7 10.Nge2 d6 11.Qd2 Bg7 12.Bh6 O-O 13.Bxg7 Ne5 14.O-O Kxg7 15.Bd5 Nxd5
16.exd5 e6 17.Rad1 Qa5 18.Nf4 h5 19.gxh5 Nc4 20.Ng2 Nxd2 21.Nh4 Nxf1 22.Kxf1 Rh8
23.dxe6 Rxh5 24.Ng2 Bxf3 25.Rxd6 Rxh2 26.Ne1 Bg4 27.exf7 Rf8 28.Kg1 Rh5 29.Rc6 Rxf7
30.Nd3 Bf5 31.Ne5 Re7 32.Nd3 Bxd3 33.cxd3 Rh3 34.Nd5 Rf7 35.Rxc5 Rg3+ 36.Kh2 Rxd3  0-1

[Event "Capo d'Orso Open"]
[Site "Porto Mannu Palau ITA"]
[Date "2008.05.22"]
[Round "7"]
[White "Puzzoni,C"]
[Black "Porzio,M"]
[Result "1-0"]
[WhiteElo "2114"]
[BlackElo "1896"]

1.d4 Nf6 2.Bg5 Ne4 3.h4 c5 4.Nf3 Qa5+ 5.c3 h6 6.Nbd2 Nxd2 7.Bxd2 e6 8.e4 cxd4
9.cxd4 Bb4 10.Bd3 Bxd2+ 11.Qxd2 Qxd2+ 12.Kxd2 d6 13.Rac1 Bd7 14.d5 Na6 15.Bxa6 bxa6
16.Rc7 Bb5 17.Rhc1 O-O 18.b3 Rfd8 19.a4 Be8 20.Nd4 e5 21.Nc6 Bxc6 22.R1xc6 Rab8
23.Kc3 a5 24.Rxa7 Rb4 25.Rxa5 Rxe4 26.b4 Re2 27.b5 Rxf2 28.b6  1-0

[Event "XXVII Open"]
[Site "Zalakarosi HUN"]
[Date "2008.05.27"]
[Round "6"]
[White "Bauer,D"]
[Black "Tanacs,A"]
[Result "0-1"]
[WhiteElo "1854"]
[BlackElo "2018"]

1.d4 Nf6 2.Bg5 Ne4 3.Bf4 c5 4.e3 Qb6 5.Nc3 Nxc3 6.bxc3 d5 7.Qb1 Nc6 8.Qxb6 axb6
9.Bc7 Bf5 10.Kd2 e6 11.Bxb6 c4 12.a4 Bd6 13.Nf3 h6 14.Be2 O-O 15.Rhb1 Rfb8
16.Rb5 Ra6 17.a5 Rba8 18.h3 f6 19.Nh4 Bh7 20.Bg4 f5 21.Be2 f4 22.Bg4 Kf7
23.Bh5+ Kf6 24.Be2 g5 25.Nf3 Bg6 26.Ng1 Be8 27.Nf3 Nb4 28.Rxb4 Bxb4 29.cxb4 Rxb6
30.c3 Rba6 31.Ne5 b6 32.Rb1 bxa5 33.bxa5 h5 34.exf4 gxf4 35.Rb2 Rxa5 36.g3 Ra2
37.Rxa2 Rxa2+ 38.Kd1 Ba4+ 39.Ke1 h4 40.gxf4 Rc2 41.Ng4+ Kg7 42.Bd1 Rc1 43.Ne3 Bxd1
44.Nxd1 Rc2 45.Kf1 Rd2 46.Ke1 Rd3 47.f5 Rxh3 48.fxe6 Rh1+ 49.Ke2 Rxd1 50.f3 h3  0-1